فهـرس مكتبـة معهد التخطيـط Institute of National Planning Catalog

The system of incomes and incentives in Hungary / (رقم التسجيلة. 12456)

تفاصيل مارك
000 -الفاتح
حقل البيانات ثابتة الطول 00845nam a2200277 a 4500
001 - رقم الضبط
رقم الضبط 3356530
003 - محدد رقم الضبط
رقم الضبط INP
005 - وقت وتاريخ اخر تعامل مع التسجيلة
رقم الضبط 20260622100042.0
008 - عناصر البيانات ثابتة الطول - معلومات عامة
حقل البيانات ثابتة الطول 860324s1985 hu j|||fr 000 0 eng d
020 ## - الرقم الدولى المعيارى للكتب
الرقم الدولى المعيارى للكتاب 9630542080
040 ## - مصدر الفهرسة
وكالة الفهرسة الأصلية EG-INP
وكالة النسخ EG-INP
لغة الفهرسة eng
082 04 - رقم تصنيف ديوى العشرى
رقم الطبعة 21
رقم التصنيف 331.2
رقم المادة K S
100 2# - المدخل الرئيسى - إسم شخصى
الإسم الشخصى Falusné Szikra, Katalin.
245 14 - بيان العنوان
العنوان The system of incomes and incentives in Hungary /
بيان المسئولية [Katalin Falus-Szikra ; [translated by István Kollar.
260 ## - بيانات النشر
مكان الناشر او الموزع Budapest :
اسم الناشر او الموزع Akadémiai Kiadó,
تاريخ النشر أو التوزيع 1985.
300 ## - الوصف المادى
التعداد 316 p. :
تفاصيل ماديه اخرى للوعاء ill. ;
أبعاد الوعاء 24 cm.
504 ## - تبصرة ببليوجرافية
تبصرة ببليوجرافية,الخ Includes bibliographical references and index.<br/>
650 #0 - المدخل الاضافى بالموضوع-مصطلح موضوعى
مصطلح موضوعي كعنصر مدخل Wages.
9 (RLIN) 3533
650 #0 - المدخل الاضافى بالموضوع-مصطلح موضوعى
مصطلح موضوعي كعنصر مدخل Incentives in industry.
9 (RLIN) 1667
650 #0 - المدخل الاضافى بالموضوع-مصطلح موضوعى
مصطلح موضوعي كعنصر مدخل Wages
التقسيم الفرعي الجغرافي Hungary.
650 #0 - المدخل الاضافى بالموضوع-مصطلح موضوعى
مصطلح موضوعي كعنصر مدخل Incentives in industry
التقسيم الفرعي الجغرافي Hungary.
901 ## - عنصر بيانات محلىA, LDA (RLIN)
كود المفهرس EGPV19
902 ## - عنصر بيانات محلىB, LDB (RLIN)
كود المراجع EGPV20
903 ## - original or copycat
a copycat
المقتنيات
حالة التراجع المكان المؤقت الموقع الحالى نوع وعاء كوها
  Library INP Library INP كتاب